[Event "Kiev Spring op"]
[Site "Kiev"]
[Date "2021.07.15"]
[Round "7"]
[White "Lyanguzova, Alina"]
[Black "Tkachuk, Liubomyr"]
[Result "1-0"]
[WhiteElo "1512"]
[BlackElo "1120"]
[PlyCount "39"]
[EventDate "2021.07.10"]
[EventType "swiss"]
[EventRounds "9"]
[EventCountry "UKR"]
[SourceTitle "EXT 2024"]
[Source "ChessBase"]
[SourceDate "2023.10.10"]
[SourceVersion "1"]
[SourceVersionDate "2023.10.10"]
[SourceQuality "1"]

1. e4 c5 2. Nf3 Nc6 3. d4 cxd4 4. Nxd4 g6 5. Nc3 Bg7 6. Be3 e6 7. Bc4 a6 8. Qd2 Nge7 9. 0-0-0 0-0 10. g4 b5 11. Bb3 Bb7 12. f3 Nxd4 13. Bxd4 Bxd4 14. Qxd4 Bc6 15. h4 h6 16. f4 d5 17. Qe3 h5 18. gxh5 gxh5 19. Rhg1+ Kh7 20. Rg5 1-0

[Event "Kiev Spring op"]
[Site "Kiev"]
[Date "2021.07.13"]
[Round "5"]
[White "Torba, Semen"]
[Black "Lyanguzova, Alina"]
[Result "0-1"]
[WhiteElo "1064"]
[BlackElo "1512"]
[PlyCount "114"]
[EventDate "2021.07.10"]
[EventType "swiss"]
[EventRounds "9"]
[EventCountry "UKR"]
[SourceTitle "EXT 2024"]
[Source "ChessBase"]
[SourceDate "2023.10.10"]
[SourceVersion "1"]
[SourceVersionDate "2023.10.10"]
[SourceQuality "1"]

1. e4 d5 2. exd5 Qxd5 3. Nc3 Qa5 4. d4 c6 5. h3 Nf6 6. Nf3 Bf5 7. Bd3 Bxd3 8. Qxd3 e6 9. Bd2 Qc7 10. 0-0 Be7 11. Ne4 Nbd7 12. Bg5 0-0 13. Bh4 Rad8 14. Bg3 Qb6 15. b3 c5 16. c3 cxd4 17. Nxd4 Nc5 18. Nxf6+ Bxf6 19. Qe3 Bxd4 20. cxd4 Na6 21. Rfd1 Nb4 22. Qe4 Nd5 23. Rac1 Rc8 24. Rxc8 Rxc8 25. Rd2 Qc6 26. Kh2 Qc1 27. Rd3 Qc2 28. Be5 Rc6 29. Qg4 f6 30. Rg3 Qg6 31. Qxg6 hxg6 32. Bb8 Rc8 33. Bd6 Rc2 34. a3 Rxf2 35. Rxg6 Rd2 36. Rg4 Rd3 37. Rg3 Rxg3 38. Kxg3 Ne3 39. Kf3 Nf5 40. Bc5 b6 41. g4 Nh4+ 42. Kg3 bxc5 43. dxc5 Ng6 44. c6 Ne7 45. c7 Kf8 46. g5 f5 47. g6 Ke8 48. h4 Kd7 49. h5 Kxc7 50. h6 Nxg6 51. hxg7 Ne7 52. Kf4 Kd6 53. b4 e5+ 54. Ke3 Kd5 55. Kd3 f4 56. b5 e4+ 57. Ke2 Kc4 0-1

[Event "UKR-ch Silent (Women)"]
[Site "Kharkov"]
[Date "2019.04.09"]
[Round "4"]
[White "Gonchar, Svitlana"]
[Black "Lyanguzova, Alina"]
[Result "1-0"]
[WhiteElo "1694"]
[BlackElo "1561"]
[PlyCount "71"]
[EventDate "2019.04.06"]
[EventType "tourn"]
[EventRounds "9"]
[EventCountry "UKR"]
[SourceTitle "EXT 2020"]
[Source "ChessBase"]
[SourceDate "2019.10.17"]
[SourceVersion "1"]
[SourceVersionDate "2019.10.17"]
[SourceQuality "1"]

1. d4 d5 2. c4 e6 3. Nf3 Nf6 4. Nc3 Be7 5. Bg5 0-0 6. e3 Nbd7 7. Rc1 b6 8. cxd5 exd5 9. Be2 Bb7 10. 0-0 h6 11. Bh4 c6 12. Bd3 Ne8 13. Bxe7 Qxe7 14. Re1 Ndf6 15. Bb1 Nd6 16. Ne5 Rac8 17. Qd3 Nde4 18. f3 Nxc3 19. Rxc3 g6 20. h3 Rfe8 21. Kf2 c5 22. b3 cxd4 23. exd4 Rxc3 24. Qxc3 Qd6 25. Qd3 Qc7 26. Qd2 Kg7 27. Rc1 Qd6 28. Qf4 Rd8 29. g4 Bc8 30. Rc6 Qe7 31. h4 Be6 32. g5 hxg5 33. Qxg5 Ng8 34. Qg3 Rc8 35. Nxg6 fxg6 36. Qxg6+ 1-0